| 000 | 01214nam a2200229Ia 4500 | ||
|---|---|---|---|
| 003 | Ost | ||
| 005 | 20260507074855.0 | ||
| 008 | 260507s9999||||xx |||||||||||||| ||und|| | ||
| 040 | _cfsecg | ||
| 041 | _aara | ||
| 082 | _a341.75 | ||
| 100 |
_aمصطفى، احمد فريد _eمؤلف |
||
| 245 | 0 |
_aالإقتصاد الدولي / _c احمد فريد مصطفى |
|
| 260 |
_aالاسكندرية: _bمؤسسة شباب الجامعة, _c2007 |
||
| 300 |
_a162 صفحة؛ _bإيضاحات ؛ _c24 سم |
||
| 504 | _aبيبليوغرافيا: ص.158 | ||
| 520 | _aيضم قانون التكاليف النسبية لدافيد ريكادو، قانون تناسب العوامل الانتاجية، النماذج الرافضة لفرض السكون الدولي لعوامل الانتاج، ميزان المدفوعات وطرق تسويته، معدلات التبادل الدولي، سعر الصرف، أهمية الصادرات ومحددات تطورها في الدول النامية، علاقة التجارة ومحددات تطورها في الدول النامية | ||
| 653 | _aالاقتصاد دولي | ||
| 653 | _aالانتاج | ||
| 653 | _aالتجارة | ||
| 942 | _cكتاب | ||
| 999 |
_c41605 _d41605 |
||